UM Logo

Our literary matriarchs 1925- 1953: (Record no. 7267)

MARC details
000 -LEADER
fixed length control field 00655nam a22001697a 4500
008 - FIXED-LENGTH DATA ELEMENTS--GENERAL INFORMATION
fixed length control field 170814b xxu||||| |||| 00| 0 eng d
020 ## - INTERNATIONAL STANDARD BOOK NUMBER
International Standard Book Number 9715502296
082 ## - DEWEY DECIMAL CLASSIFICATION NUMBER
Edition number 1996
Classification number DFil 899.21
Item number M31
100 ## - MAIN ENTRY--PERSONAL NAME
9 (RLIN) 22014
Personal name Manlapaz, Edna Z.
245 ## - TITLE STATEMENT
Title Our literary matriarchs 1925- 1953:
Remainder of title Angela Manalang Gloria, Paz M. Latorena, Loreto Paras Sulit, and Paz Marquez Benitez/
Statement of responsibility, etc. Edna Z. Manlapaz.
260 ## - PUBLICATION, DISTRIBUTION, ETC. (IMPRINT)
Place of publication, distribution, etc. Quezon City:
Name of publisher, distributor, etc. ADMU Press,
Date of publication, distribution, etc. c1996.
300 ## - PHYSICAL DESCRIPTION
Extent xi, 133 pages:
Other physical details illustrations;
Dimensions 23 cm.
500 ## - GENERAL NOTE
General note Includes appendices, bibliographical references and index.
650 #0 - SUBJECT ADDED ENTRY--TOPICAL TERM
9 (RLIN) 22015
Topical term or geographic name as entry element Women, authors, Filipino.
365 ## - TRADE PRICE
Price type code Php.
Price amount 291.50
942 ## - ADDED ENTRY ELEMENTS (KOHA)
Source of classification or shelving scheme Dewey Decimal Classification
Koha item type Filipiniana
Holdings
Withdrawn status Lost status Source of classification or shelving scheme Damaged status Not for loan Collection code Home library Current library Date acquired Source of acquisition Total Checkouts Full call number Barcode Date last seen Date last checked out Cost, replacement price Price effective from Koha item type
    Dewey Decimal Classification     Filipiniana UM Digos College - LIC UM Digos College - LIC 10/28/2003 Purchased 1 DFil 899.21 M31 1996 16321 05/15/2025 02/06/2018 291.50 08/14/2017 Filipiniana